000 00698nam a2200193 i 4500
001 26788
003 ES-MaACL
005 20251004063053.0
007 t|
008 030110s1879 fr ||||1| fre d
100 1 _aPrisse d'Avennes, Émile,
_d1807-1879
_924021
245 1 0 _aHistoire del'art egyptien d'après les monuments depuis les temps les plus reculés jusqu'áa la domination romaine /
_cpar Prisse d'Avennes ; texte par P. Marchandon de la Faye.
260 _aParís :
_b[s.n.,
_c1879] (
_fLahure)
300 _a444 p. ;
_c31 cm.
650 0 7 _aArte egipcio
_2embne
_910185
700 1 _aMarchandon de la Faye, P.
_976413
852 _aES-MaACL
_jB-3830
999 _c26788
_d26788